Top 100 Songs of 2020 (Billboard) - Statistics

General Stats
  • This quiz has been taken 350 times
  • The average score is 13 of 100
Answer Stats
# Song Artist % Correct
2 Blinding Lights The Weeknd
84%
1 Rain on Me Lady Gaga / Arianna Grande
67%
5 WAP Cardi B
67%
7 Dynamite BTS
61%
6 Say So Doja Cat
60%
3 Savage (Remix) Megan Thee Stallion
52%
8 Mood 24kGoldn
50%
13 The Box Roddy Ricch
50%
4 Adore You Harry Styles
48%
9 Rockstar DaBaby
42%
11 Cardigan Taylor Swift
34%
21 positions Arianna Grande
32%
10 Break My Heart Dua Lipa
28%
29 Golden Harry Styles
26%
74 Ice Cream BLACKPINK / Selena Gomez
24%
14 Therefore I Am Billie Eilish
24%
26 What's Poppin Jack Harlow
24%
28 Physical Dua Lipa
23%
62 Heather Conan Gray
20%
53 Kings & Queens Ava Max
20%
16 Midnight Sky Miley Cyrus
20%
47 Roses (Imanbek Remix) SAINt JHN
20%
83 Memories Maroon 5
18%
89 Before You Go Lewis Capaldi
17%
85 Death Bed (Coffee for Your Head) Powfu
17%
79 Come & Go Juice WRLD / Marshmello
16%
17 Supalonely BENEE
16%
12 The Bones Maren Morris
16%
23 How You Like That BLACKPINK
14%
35 Diamonds Sam Smith
12%
24 Do It Chloe x Halle
12%
41 Holy Justin Bieber
12%
31 Stupid Love Lady Gaga
12%
63 Sugar Brockhampton
12%
56 Wonder Shawn Mendes
12%
36 Life Is Good Future
11%
51 pov Arianna Grande
11%
77 Dákiti Bad Bunny / Jhay Cortez
10%
25 I Hope Gabby Barrett
10%
27 Sunday Best Surfaces
10%
34 Hawái (Remix) Maluma / The Weeknd
9%
73 Intentions Justin Bieber
9%
33 My Future Billie Eilish
9%
90 My Oh My Camila Cabello
9%
30 Rare Selena Gomez
9%
15 The Bigger Picture Lil Baby
9%
42 Un Dia (One Day) Bad Bunny / Dua Lipa / J Balvin / Tainy
9%
54 In Your Eyes The Weeknd
8%
100 RITMO (Bad Boys for Life) Black Eyed Peas / J Balvin
8%
69 What a Man Gotta Do The Jonas Brothers
8%
38 Black Parade Beyoncé
7%
99 Sweet Melody Little Mix
7%
92 Tap In Saweetie
7%
61 Boss B***h Doja Cat
6%
55 For the Night Pop Smoke
6%
45 Laugh Now Cry Later Drake
6%
75 XS Rina Sawayama
6%
43 Good News Mac Miller
5%
67 I Love Me Demi Lovato
5%
93 Be Like That Kane Brown
4%
20 Bloody Valentine Machine Gun Kelly
4%
48 Easy Troye Sivan
4%
19 Gaslighter The Chicks
4%
52 Kyoto Phoebe Bridgers
4%
50 Level of Concern Twenty One Pilots
4%
65 Bichota Karol G
3%
94 Caramelo (Remix) Ozuna
3%
66 Emotionally Scarred Lil Baby
3%
58 Forget Me Too Machine Gun Kelly
3%
49 I Should Probably Go to Bed Dan + Shay
3%
18 Yo Perreo Sola Bad Bunny
3%
40 Care beabadoobee
2%
59 Dolerme Rosalía
2%
72 Gospel for a New Century Yves Tumor
2%
78 Hard to Forget Sam Hunt
2%
44 If You're Too Shy (Let Me Know) The 1975
2%
97 More Than My Hometown Morgan Wallen
2%
22 People, I've Been Sad Christine & the Queens
2%
95 Say Something Kylie Minogue
2%
32 Starting Over Chris Stapleton
2%
39 The Last Great American Dynasty Taylor Swift
2%
57 The Steps Haim
2%
86 Whole Lotta Choppas (Remix) Sada Baby
2%
84 Around Your Room Kississippi
1%
98 Both of Us Jayda G
1%
46 Breathe Deeper Tame Impala
1%
96 BRITNEY B***H BLACKSTARKIDS
1%
87 Circle the Drain Soccer Mommy
1%
82 Con Tus Besos Eslabon Armado
1%
37 Delete Forever Grimes
1%
64 Dionne The Japanese House
1%
80 DOLLAZ ON MY HEAD Gunna
1%
68 Eugene Arlo Parks
1%
70 More Hearts Than Mine Ingrid Andress
1%
76 Murder Most Foul Bob Dylan
1%
71 On My Own Shamir
1%
81 On the Floor Perfume Genius
1%
88 Peace Love Happiness Love Regenerator
1%
60 Summertime Orville Peck
1%
91 Good Bad Tines Hinds
0%
No matching quizzes found
Score Distribution
Percent of People with Each Score
Percentile by Number Answered
Your Score History
You have not taken this quiz